Central Library OPAC University of Rajshahi

The Music of India./ (Record no. 77057)

MARC details
000 -LEADER
fixed length control field 01059cam a2200313u 4500
001 - CONTROL NUMBER
control field 77057
003 - CONTROL NUMBER IDENTIFIER
rucl marc code BD-RjUL
005 - DATE AND TIME OF LATEST TRANSACTION
control field 20211209082924.0
008 - FIXED-LENGTH DATA ELEMENTS--GENERAL INFORMATION
fixed length control field 200217n xx 000 0 eng
035 ## - SYSTEM CONTROL NUMBER
System control number (BD-RjUL)
040 ## - CATALOGING SOURCE
Original cataloging agency DLC
Transcribing agency CarP
Modifying agency DLC
Language of cataloging eng
041 ## - LANGUAGE CODE
Language code of text/sound track or separate title eng
043 ## - GEOGRAPHIC AREA CODE
Geographic area code a-ii---
082 ## - DEWEY DECIMAL CLASSIFICATION NUMBER
Edition number 23
Classification number 780.954
Author mark and year FYM 1925
100 ## - MAIN ENTRY--PERSONAL NAME
Personal name Fyzee-Rahamin, Atiya Begum
9 (RLIN) 11684
245 04 - TITLE STATEMENT
Title The Music of India./
Remainder of title [Sound recording]
Statement of responsibility, etc. Atiya Begum Fyzee-Rahamin,
260 ## - PUBLICATION, DISTRIBUTION, ETC. (IMPRINT)
Place of publication, distribution, etc. London :
Name of publisher, distributor, etc. Luzac ,
Date of publication, distribution, etc. 1925
300 ## - PHYSICAL DESCRIPTION
Pagination 95 p. :
Illustrations ill. ;
Size 25 cm
500 ## - GENERAL NOTE
General note Sharan Rani, sarod, with Chatur Lal, tabla, and Robert Garfias, tambura.
General note Recorded at MEA Studios, San Francisco.
General note Program notes by Robert E. Brown on slipcase.
505 0# - FORMATTED CONTENTS NOTE
Formatted contents note Raga Kausi-Kanada.--Raga lalit.--Pancham savari.
650 #0 - SUBJECT ADDED ENTRY--TOPICAL TERM
Topical term or geographic name as entry element Sarod and tabla music.
9 (RLIN) 239568
Topical term or geographic name as entry element Hindustani music.
9 (RLIN) 239569
710 2# - ADDED ENTRY--CORPORATE NAME
Corporate name or jurisdiction name as entry element Sharan Rani. [from old catalog]
9 (RLIN) 239570
906 ## - LOCAL DATA ELEMENT F, LDF (RLIN)
a 0
b cbc
c premunv
d u
e ncip
f 19
g y-gencatlg
942 ## - ADDED ENTRY ELEMENTS (KOHA)
Source of classification or shelving scheme Dewey Decimal Classification
Koha item type Books
Holdings
Lost status Source of classification or shelving scheme Damaged status Not for loan Collection code Permanent Location Current Location Shelving location Date acquired Source of acquisition Cost, normal purchase price Total Checkouts Full call number Date last seen Copy number Koha item type
  Dewey Decimal Classification   Not For Loan Non-fiction Central Library, University of Rajshahi Central Library, University of Rajshahi Reading Room 25/03/1964 Zeitlinger 28.00   780.954 FYM 1925 19/02/2020 C-1 Books